New-born fire. (Record no. 14141)

000 -LEADER
fixed length control field 00589nam a2200181 a 4500
001 - CONTROL NUMBER
control field :::00011965$&:&@@
003 - CONTROL NUMBER IDENTIFIER
control field OkBaRHE
005 - DATE AND TIME OF LATEST TRANSACTION
control field 20110302113033.0
008 - FIXED-LENGTH DATA ELEMENTS--GENERAL INFORMATION
fixed length control field s1987 j 000 0 eng u
040 ## - CATALOGING SOURCE
Transcribing agency
100 1# - MAIN ENTRY--PERSONAL NAME
Personal name Ruth, Lout.
245 10 - TITLE STATEMENT
Title New-born fire.
260 ## - PUBLICATION, DISTRIBUTION, ETC. (IMPRINT)
Place of publication, distribution, etc Jasper, AR., :
Name of publisher, distributor, etc Engeltal Press
Date of publication, distribution, etc c1987
300 ## - PHYSICAL DESCRIPTION
Extent 164 p. ;
Dimensions 20 cm.
650 ## - SUBJECT ADDED ENTRY--TOPICAL TERM
Topical term or geographic name as entry element Women, Pentecostal
General subdivision United states
-- Biography
942 ## - ADDED ENTRY ELEMENTS (KOHA)
Source of classification or shelving scheme
Koha item type Books
Copies
Date checked out Source of classification or shelving scheme Lost status Date last seen Permanent Location Full call number Barcode Copy number Price effective from Not for loan Damaged status Current Location Koha item type Date acquired Total Checkouts Shelving location Withdrawn status
2011-02-16  2012-02-07RHEMA Bible Training CollegeBX 8762 .Z8L681196512010-04-14  RHEMA Bible Training CollegeBooks2010-04-141General Stacks